Nové možnosti marketingové komunikace ve zdravotnictví - guerilla marketing
Voľba marketingovej komunikačnej stratégie v zdravotníckom zariadení. Najčastejšie využívané nástroje komunikačného mixu v zdravotníckych zariadeniach v Českej republike. Definovanie guerilla marketingu, jeho marketingové taktiky a využitie v marketingovej komunikácii zdravotníckych zariadení.
Salvato in:
| Autore principale: | |
|---|---|
| Altri autori: | |
| Natura: | Capitolo di libro |
| Lingua: | ceco |
| Soggetti: | |
| Tags: |
Nessun Tag, puoi essere il primo ad aggiungerne!!
|
MARC
| LEADER | 00000naa a2200000 4500 | ||
|---|---|---|---|
| 001 | 0288189 | ||
| 005 | 20240417075216.3 | ||
| 041 | 0 | |a cze | |
| 044 | |a CZ | ||
| 245 | 1 | 0 | |a Nové možnosti marketingové komunikace ve zdravotnictví - guerilla marketing |c Jana Kafková, Pavlína Zímová |
| 520 | |a Voľba marketingovej komunikačnej stratégie v zdravotníckom zariadení. Najčastejšie využívané nástroje komunikačného mixu v zdravotníckych zariadeniach v Českej republike. Definovanie guerilla marketingu, jeho marketingové taktiky a využitie v marketingovej komunikácii zdravotníckych zariadení. | ||
| 610 | 2 | 0 | |a komunikácia marketingová |
| 610 | 2 | 0 | |a marketing |
| 610 | 2 | 0 | |a zdravotníctvo |
| 610 | 2 | 0 | |a zdravie |
| 610 | 2 | 0 | |a guerilla marketing |
| 610 | 2 | 0 | |a Česko |
| 100 | 1 | |a Kafková, Jana | |
| 700 | 1 | |a Zímová, Pavlína | |